000 01247nam0a22003251 4500
001 rc\394897
005 20250621071319.0
010 _a5-8362-0034-3
_914000
035 _a(NLR Aleph) 005644257
090 _a6701917
_c6701917
100 _a20030616d1989 |||y0rusy50 ca
101 0 _arus
102 _aRU
105 _aa |||||||||
200 1 _aРубиновые четки
_eИз тадж.-перс. классики
_fПер. Г. Ашкинадзе
_g[Ред. и авт. примеч. С. Ховари
_gХудож. В. Безушко]
210 _aДушанбе
_cАдиб
_d1989
215 _a174, [1] с.
_cил.
_d17
327 1 _aСодерж.: Авт.: Фирдоуси, Руми, Бедиль, Шохин
464 0 _1700#0$aФирдоуси
_aФирдоуси
464 0 _1700#1$aРуми$bД.$gДжалаледдин$f1207-1273$3RU\NLR\AUTH\7711302
_aРуми, Джалаледдин (1207-1273)
464 0 _1700#0$aБедиль
_aБедиль
464 0 _1700#0$aШохин
_aШохин
702 1 _aХовари
_bС.
_4340
702 1 _aАшкинадзе
_bГ.
_gГеоргий
_4730
801 0 _aRU
_bNLR
_gpsbo
801 1 _aRU
_bELAR
_2rusmarc
852 _aNLR
_j89-2/1517
942 _cBOOK
980 _aNB